LEADER 01216nam0 2200289 i 450 001 SUN0073345 005 20140625025023.238 010 $a01-321-1335-x 100 $a20100112d1993 |0engc50 ba 101 $aeng 102 $aUS 105 $a|||| ||||| 200 1 $aKalman filtering$etheory and practice$fMohinder S. Grewal, Angus P. Andrews 210 $aUpper Saddle River$cPrentice-Hall$d1993 215 $aXVIII, 381 p.$cill.$d25 cm$e1 floppy disk. 410 1$1001SUN0023398$12001 $aPrentice Hall information and system sciences series$1210 $aEnglewood Cliffs$cPrentice-Hall. 620 $dUpper saddle river$3SUNL000063 676 $a003.5015118$v21 700 1$aGrewal$b, Mohinder S.$3SUNV058753$027535 701 1$aAndrews$b, Angus P.$3SUNV034894$027536 712 $aPrentice Hall$3SUNV004161$4650 801 $aIT$bSOL$c20181109$gRICA 912 $aSUN0073345 950 $aUFFICIO DI BIBLIOTECA DEI DIPARTIMENTI DI INGEGNERIA$d05 CONS K V 044 $e05 2283 995 $aUFFICIO DI BIBLIOTECA DEI DIPARTIMENTI DI INGEGNERIA$bIT-CE0100$h2283$kCONS K V 044$oc$qa 996 $aKalman filtering$945052 997 $aUNICAMPANIA LEADER 01401nas 2200457- 450 001 996321499403316 005 20230801213017.0 011 $a2622-4798 035 $a(OCoLC)1118510619 035 $a(CKB)4100000007990623 035 $a(CONSER)--2019252104 035 $a(EXLCZ)994100000007990623 100 $a20190521a20189999 --- - 101 0 $aeng 135 $aur||||||||||| 181 $2rdacontent 182 $cc$2rdamedia 183 $acr$2rdacarrier 200 00$aIhtifaz $ejournal of Islamic economics, finance, and banking 210 1$aYogyakarta, Indonesia :$cUniversitas Ahmad Dahlan,$d2018- 215 $a1 online resource 300 $aRefereed/Peer-reviewed 311 $a2622-4755 517 1 $aJournal of Islamic economics, finance, and banking 531 1 $aIhtifaz 606 $aEconomics$zIslamic countries$vPeriodicals 606 $aFinance, Public$zIslamic countries$vPeriodicals 606 $aEconomics$2fast$3(OCoLC)fst00902116 606 $aFinance, Public$2fast$3(OCoLC)fst00924477 607 $aIslamic countries$2fast 608 $aPeriodicals.$2fast 608 $aPeriodicals.$2lcgft 615 0$aEconomics 615 0$aFinance, Public 615 7$aEconomics. 615 7$aFinance, Public. 712 02$aUniversitas Ahmad Dahlan, 906 $aJOURNAL 912 $a996321499403316 996 $aIhtifaz$92577849 997 $aUNISA